| 000 | 00382nam a2200169Ia 4500 | ||
|---|---|---|---|
| 003 | STCL | ||
| 008 | 181203s9999 xx 000 0 und d | ||
| 020 | _a9780571206926 | ||
| 040 |
_aSTCL _bEN _cSTCL |
||
| 082 | _222 | ||
| 100 | _aKundera, Milan | ||
| 245 | 0 | _aLaughable Loves | |
| 260 |
_bFaber and Faber _aLondon _c1999 |
||
| 300 | _a287 | ||
| 546 | _aEnglish | ||
| 942 |
_2ddc _cBK |
||
| 999 |
_c87069 _d87069 |
||